Normal view
MARC view
- تاليف ابن مالك،جمال الدين أبي عبد الله بن محمد؛حققه عبد المنعم هريري
Entry Personal Name
001 - CONTROL NUMBER
- control field: 8930
003 - CONTROL NUMBER IDENTIFIER
- control field: JO-AjAnu
005 - DATE AND TIME OF LATEST TRANSACTION
- control field: 20230606071734.0
008 - FIXED-LENGTH DATA ELEMENTS
- fixed length control field: 230606|| aca||aabn | a|a d
040 ## - CATALOGING SOURCE
- Original cataloging agency: JO-AjAnu
- Transcribing agency: JO-AjAnu
100 ## - HEADING--PERSONAL NAME
- Personal name: تاليف ابن مالك،جمال الدين أبي عبد الله بن محمد؛حققه عبد المنعم هريري
670 ## - SOURCE DATA FOUND
- Source citation: Work cat.: (JO-AjAnu)4607: تاليف ابن مالك،جمال الدين أبي عبد الله بن محمد؛حققه عبد المنعم هريري, author, شرح عمدة الحافظ وعدة اللافظ